000
00483nam a2200181Ia 4500
008
090123s9999 xx 000 0 und d
082
_b
994
100
_a
तेंडुलकर विजय
245
_a
गाणे
250
_a
1
260
_b
भागवत वा.पु.
300
_a
147
600
_a
तेंडुलकर विजय
630
_a
गाणे
700
_a
तेंडुलकर विजय
730
_a
गाणे
942
_c
BOOK
999
_c
39079
_d
39079